[Event "New Year Open 2023"]
[Site "?"]
[Date "2023.01.08"]
[Round "5"]
[White "Bullen, Alex"]
[Black "Garcia, Jason"]
[Result "1-0"]
[WhiteElo "2119"]
[BlackElo "2006"]
[PlyCount "43"]
[EventDate "2023.??.??"]
[SourceVersionDate "2023.01.12"]

1. d4 Nf6 2. Nf3 e6 3. e3 c5 4. b3 b6 5. Bb2 Bb7 6. Nbd2 Be7 7. Bd3 a6 8. c4 cxd4 9. exd4 d5 10. O-O O-O 11. Ne5 dxc4 12. bxc4 Nc6 13. Ndf3 Nxe5 14. Nxe5 Re8 15. Re1 g6 16. Ng4 Nxg4 17. Qxg4 Bf6 18. Be4 Qc7 19. Qf3 Bxe4 20. Qxf6 Bf5 21. d5 e5 22. Rxe5 1-0

[Event "New Year Open 2023"]
[Site "?"]
[Date "2023.01.08"]
[Round "5"]
[White "Homer, Stephen"]
[Black "Rees, Ioan"]
[Result "0-1"]
[WhiteElo "1973"]
[BlackElo "2269"]
[PlyCount "60"]
[SourceVersionDate "2023.01.12"]

1. e4 e5 2. Nf3 Nc6 3. Bb5 Nf6 4. d3 Bc5 5. c3 O-O 6. O-O Re8 7. Nbd2 a6 8. Ba4 h6 9. Bb3 d6 10. h3 Ba7 11. Re1 Ne7 12. Nf1 Ng6 13. Ng3 c6 14. d4 Be6 15. Bc2 Qc7 16. Nf5 Rad8 17. Be3 d5 18. exd5 Nxd5 19. N3h4 Nxe3 20. fxe3 Nxh4 21. Nxh4 Bb8 22. Qf3 exd4 23. cxd4 Rd5 24. Nf5 Bxf5 25. Bxf5 Qh2+ 26. Kf1 g6 27. Be4 Rg5 28. Ke2 Rg3 29. Rh1 Rxf3 30. Rxh2 Rf6 0-1

[Event "New Year Open 2023"]
[Site "?"]
[Date "2023.01.08"]
[Round "5"]
[White "Fathallah, Joe"]
[Black "Young, Alan"]
[Result "1-0"]
[WhiteElo "1971"]
[BlackElo "2062"]
[PlyCount "93"]
[SourceVersionDate "2023.01.12"]

1. d4 d5 2. c4 dxc4 3. e4 e5 4. Nf3 exd4 5. Bxc4 Nc6 6. O-O Be6 7. Bxe6 fxe6 8. Qb3 Qd7 9. Qxb7 Rb8 10. Qa6 Nf6 11. Nbd2 Bd6 12. e5 Bxe5 13. Nxe5 Nxe5 14. Qxa7 O-O 15. b3 Ra8 16. Qc5 Nd3 17. Qc4 Nf4 18. Re1 Rad8 19. Nf3 N6h5 20. Bxf4 Nxf4 21. g3 Nh3+ 22. Kg2 Rxf3 23. Kxf3 c5 24. Kg2 Ng5 25. f3 Qf7 26. Qd3 Rf8 27. h4 Nxf3 28. Rf1 Ne5 29. Rxf7 Nxd3 30. Rxf8+ Kxf8 31. Kf3 Ke7 32. Rf1 Kd6 33. Ke4 Ne5 34. a4 Nc6 35. Rf8 Na5 36. Rd8+ Kc7 37. Rg8 Nxb3 38. Rxg7+ Kd6 39. Kd3 Ke5 40. Rxh7 Na5 41. Rh5+ Kd6 42. Rg5 e5 43. h5 Kd5 44. h6 c4+ 45. Kc2 Ke4 46. Rxe5+ Kxe5 47. h7 1-0

[Event "New Year Open 2023"]
[Site "?"]
[Date "2023.01.08"]
[Round "5"]
[White "Gay, Simon"]
[Black "Dixon, Chris"]
[Result "0-1"]
[WhiteElo "1928"]
[BlackElo "1675"]
[PlyCount "68"]
[SourceVersionDate "2023.01.12"]

1. e4 d5 2. e5 c5 3. Bb5+ Nc6 4. Bxc6+ bxc6 5. f4 Nh6 6. Nf3 Bg4 7. O-O e6 8. d3 Be7 9. Nc3 Nf5 10. Ne2 Rb8 11. b3 Qb6 12. c4 h6 13. h3 Bxf3 14. Rxf3 h5 15. g3 Kd7 16. Nc3 a5 17. Na4 Qa7 18. Bd2 g6 19. Rc1 d4 20. Qe1 Ra8 21. Qe2 Rh7 22. Be1 g5 23. fxg5 Bxg5 24. Rc2 Be3+ 25. Bf2 Rg8 26. Kh2 Rhg7 27. Bxe3 Nxe3 28. Qf2 Ke8 29. Rc1 Qe7 30. Rg1 Qc7 31. Nxc5 Qxe5 32. Ne4 f5 33. Nd2 h4 34. Kh1 hxg3 0-1

[Event "New Year Open 2023"]
[Site "?"]
[Date "2023.01.08"]
[Round "5"]
[White "May`, Adam"]
[Black "Gay, Conor"]
[Result "0-1"]
[WhiteElo "1897"]
[BlackElo "1937"]
[PlyCount "80"]
[SourceVersionDate "2023.01.12"]

1. d4 Nf6 2. Nf3 c5 3. d5 e6 4. Nc3 exd5 5. Nxd5 Nxd5 6. Qxd5 Nc6 7. Ng5 Qf6 8. c3 Be7 9. e4 h6 10. h4 O-O 11. Nf3 d6 12. Be3 Re8 13. Be2 Bf8 14. Qd3 a6 15. Nd2 b5 16. f3 Bb7 17. g4 Ne5 18. Qc2 Qe6 19. Rg1 d5 20. f4 Nc4 21. Bxc4 dxc4 22. e5 Rad8 23. O-O-O Rd3 24. Bf2 Red8 25. h5 Qd7 26. g5 hxg5 27. fxg5 Qf5 28. Bg3 Qh3 29. Bf4 Qxh5 30. g6 f6 31. exf6 gxf6 32. g7 Bd6 33. Bxd6 R8xd6 34. b3 Qh6 35. Rde1 Bc6 36. Re2 f5 37. bxc4 bxc4 38. Qb2 Be4 39. Rf2 Rb6 40. Qc2 Rxc3 0-1

[Event "New Year Open 2023"]
[Site "?"]
[Date "2023.01.08"]
[Round "5"]
[White "Bennett, Tom"]
[Black "Turner, Joseph"]
[Result "1/2-1/2"]
[WhiteElo "1629"]
[BlackElo "1871"]
[PlyCount "63"]
[SourceVersionDate "2023.01.12"]

1. d4 Nf6 2. Bf4 g6 3. Nc3 d5 4. e3 Bg7 5. Nb5 Na6 6. Nf3 c6 7. Nc3 Nc7 8. h3 O-O 9. Be2 Ne6 10. Bh2 Qb6 11. Rb1 Nd7 12. Na4 Qa5+ 13. c3 b5 14. b4 Qxa4 15. Qxa4 bxa4 16. a3 f5 17. c4 dxc4 18. Bxc4 Nb6 19. Ba2 Nd5 20. Rc1 Bb7 21. O-O h6 22. Be5 Bf6 23. g4 Ng5 24. Nxg5 hxg5 25. b5 e6 26. bxc6 Ba6 27. Rfe1 Bxe5 28. dxe5 Rac8 29. Rc5 Rfd8 30. Rd1 Be2 31. Rb1 Nc7 32. Rb7 1/2-1/2

[Event "New Year Open 2023"]
[Site "?"]
[Date "2023.01.08"]
[Round "5"]
[White "Penny, Liam"]
[Black "Morgans, Justin"]
[Result "1/2-1/2"]
[WhiteElo "1798"]
[BlackElo "1637"]
[PlyCount "126"]
[SourceVersionDate "2023.01.12"]

1. d4 Nf6 2. Nc3 d5 3. Bf4 c6 4. e3 Bg4 5. f3 Bf5 6. g4 Bg6 7. h4 h5 8. g5 Nfd7 9. Bd3 Bxd3 10. Qxd3 g6 11. e4 e6 12. O-O-O Be7 13. Nh3 Na6 14. a3 Qa5 15. Bd2 Qc7 16. exd5 cxd5 17. Nf4 Qc4 18. Qxc4 dxc4 19. Nb5 O-O 20. Rhe1 Bd8 21. Nd6 Bc7 22. Nxc4 Rac8 23. Ne5 Bxe5 24. dxe5 Ndc5 25. Bc3 Rc7 26. Nd3 Na4 27. Bb4 Rfc8 28. Re2 Nxb4 29. Nxb4 a5 30. Nd3 Nb6 31. Nf2 Nd5 32. Ne4 Kg7 33. Nd6 Rb8 34. Rd4 b5 35. a4 bxa4 36. Rxa4 Rc5 37. Rc4 Rxc4 38. Nxc4 a4 39. Re4 Rb4 40. c3 Rb5 41. Na3 Ra5 42. c4 Nb4 43. Kd2 Nc6 44. Kc3 Nxe5 45. Rxe5 Rxe5 46. Kb4 Re2 47. c5 Rxb2+ 48. Kxa4 Kf8 49. c6 Ke8 50. Nc4 Rc2 51. Kb5 Ke7 52. Ne5 Rb2+ 53. Kc5 Rc2+ 54. Kb6 Rb2+ 55. Kc7 Rb4 56. Kc8 Rb5 57. f4 Rb1 58. c7 Ke8 59. Nc4 Ke7 60. Na5 Rc1 61. Nb7 Rc2 62. Nd8 Rc1 63. Nb7 Rc2 1/2-1/2

[Event "New Year Open 2023"]
[Site "?"]
[Date "2023.01.08"]
[Round "4"]
[White "Rees, Ioan"]
[Black "Bullen, Alex"]
[Result "1-0"]
[WhiteElo "2269"]
[BlackElo "2119"]
[PlyCount "79"]
[SourceVersionDate "2023.01.12"]

1. d4 Nf6 2. c4 e6 3. Nf3 d5 4. Bg5 Bb4+ 5. Nbd2 h6 6. Bxf6 Qxf6 7. Rc1 Qe7 8. e3 O-O 9. Bd3 dxc4 10. Rxc4 Rd8 11. Bb1 Na6 12. a3 Bd6 13. Qc2 g6 14. Ne5 Bd7 15. Ne4 b5 16. Nc6 Bxc6 17. Rxc6 Nb8 18. Rc3 b4 19. Rc4 bxa3 20. bxa3 Bxa3 21. h4 f5 22. Rxc7 Qb4+ 23. Nd2 Na6 24. Rc6 Qb5 25. Qc4 Qxc4 26. Nxc4 Nb4 27. Rxe6 Kf7 28. Re5 Rac8 29. Rc5 Nd3+ 30. Bxd3 Bxc5 31. dxc5 Rxc5 32. Ke2 Ke6 33. Ra1 Rdc8 34. Nd2 R5c7 35. Nb3 Rb8 36. Nd4+ Kf6 37. h5 Rb2+ 38. Kf3 gxh5 39. Ra6+ Rb6 40. Ra5 1-0

[Event "New Year Open 2023"]
[Site "?"]
[Date "2023.01.08"]
[Round "4"]
[White "Homer, Stephen"]
[Black "Fathallah, Joe"]
[Result "1-0"]
[WhiteElo "1973"]
[BlackElo "1971"]
[PlyCount "43"]
[SourceVersionDate "2023.01.12"]

1. e4 e6 2. d4 d5 3. e5 c5 4. c3 Nc6 5. Nf3 Qb6 6. a3 c4 7. Nbd2 Na5 8. Rb1 Bd7 9. h4 h5 10. b3 cxb3 11. Nxb3 Ba4 12. Nfd2 Rc8 13. Rh3 Nc4 14. Qf3 Nxa3 15. Bxa3 Bxa3 16. Nc5 Bxc5 17. Rxb6 Bxb6 18. Rg3 Bxd4 19. Qf4 Bxe5 20. Qxe5 Ne7 21. Rxg7 Nc6 22. Qf4 1-0

[Event "New Year Open 2023"]
[Site "?"]
[Date "2023.01.08"]
[Round "4"]
[White "Gay, Conor"]
[Black "Gay, Simon"]
[Result "0-1"]
[WhiteElo "1937"]
[BlackElo "1928"]
[PlyCount "58"]
[SourceVersionDate "2023.01.12"]

1. e4 e5 2. Nc3 Nc6 3. Bc4 Nf6 4. d3 Na5 5. Nge2 Nxc4 6. dxc4 Bc5 7. Bg5 Bxf2+ 8. Kd2 h6 9. Qf1 hxg5 10. Qxf2 d6 11. Ng3 Ng4 12. Qe2 g6 13. h3 Nh6 14. Raf1 c6 15. Kc1 Be6 16. b3 Qa5 17. Rf3 O-O-O 18. Rd3 Rd7 19. Rhd1 f5 20. Qd2 Nf7 21. Kb2 f4 22. Nge2 g4 23. Ng1 g5 24. a3 g3 25. b4 Qd8 26. Nd5 g4 27. b5 gxh3 28. gxh3 cxd5 29. cxd5 Bxh3 0-1

[Event "New Year Open 2023"]
[Site "?"]
[Date "2023.01.08"]
[Round "4"]
[White "Young, Alan"]
[Black "Bennett, Tom"]
[Result "1-0"]
[WhiteElo "2062"]
[BlackElo "1629"]
[PlyCount "39"]
[SourceVersionDate "2023.01.12"]

1. e4 c5 2. Nf3 Nc6 3. Bb5 g6 4. O-O Bg7 5. c3 Nf6 6. Re1 O-O 7. d4 d5 8. e5 Ne4 9. Nbd2 cxd4 10. cxd4 Qb6 11. Bxc6 Qxc6 12. Nxe4 dxe4 13. Ng5 Bf5 14. g4 h6 15. gxf5 hxg5 16. Bxg5 f6 17. Qb3+ Kh8 18. Qh3+ Kg8 19. fxg6 Rfd8 20. Qh7+ 1-0

[Event "New Year Open 2023"]
[Site "?"]
[Date "2023.01.08"]
[Round "4"]
[White "Morgans, Justin"]
[Black "May, Adam"]
[Result "0-1"]
[WhiteElo "1637"]
[BlackElo "1897"]
[PlyCount "94"]
[SourceVersionDate "2023.01.12"]

1. e4 c6 2. Nf3 d5 3. exd5 cxd5 4. d4 Nf6 5. Be2 Nc6 6. O-O Bg4 7. Re1 e6 8. c3 Qc7 9. Be3 Bd6 10. h3 Bh5 11. b4 O-O 12. Nbd2 Nd7 13. Rc1 Nb6 14. Qb3 Rfc8 15. g4 Bg6 16. Nh4 Bf4 17. Ng2 Bxe3 18. Nxe3 a5 19. b5 a4 20. Qb2 a3 21. Qa1 Na5 22. c4 dxc4 23. Ndxc4 Naxc4 24. Nxc4 Qd8 25. Ne3 Nd5 26. Rc5 Rxc5 27. dxc5 Nf4 28. Bf1 Qh4 29. Qd4 Nxh3+ 30. Bxh3 Rd8 31. Qf4 Qxh3 32. c6 bxc6 33. bxc6 e5 34. c7 Rc8 35. Qxe5 Qh4 36. Rd1 h5 37. g5 Be4 38. Rd8+ Kh7 39. Ng2 Qg4 40. Qg3 Qxg3 41. fxg3 Rxc7 42. Nf4 Rc2 43. Rd4 Bf5 44. Nxh5 Rxa2 45. Rh4 Kg8 46. Nf4 Ra1+ 47. Kf2 a2 0-1

[Event "New Year Open 2023"]
[Site "?"]
[Date "2023.01.08"]
[Round "4"]
[White "Turner, Jospeh"]
[Black "Penny, Liam"]
[Result "1-0"]
[WhiteElo "1871"]
[BlackElo "1798"]
[PlyCount "43"]
[SourceVersionDate "2023.01.12"]

1. e4 d5 2. exd5 Nf6 3. Be2 Nxd5 4. d4 Bf5 5. a3 e6 6. c4 Nb6 7. Nc3 Be7 8. Nf3 O-O 9. Be3 c6 10. h3 N8d7 11. g4 Bg6 12. h4 h6 13. g5 hxg5 14. hxg5 c5 15. d5 exd5 16. cxd5 Re8 17. d6 Bf8 18. Nh4 Bh7 19. g6 fxg6 20. Bc4+ Nxc4 21. Qd5+ Kh8 22. Nxg6# 1-0

[Event "New Year Open 2023"]
[Site "?"]
[Date "2023.01.08"]
[Round "4"]
[White "Dixon, Chris"]
[Black "Thomas, Roy"]
[Result "1-0"]
[WhiteElo "1675"]
[BlackElo "1677"]
[PlyCount "81"]
[SourceVersionDate "2023.01.12"]

1. e4 c5 2. Nc3 Nc6 3. g3 g6 4. Bg2 Bg7 5. d3 d6 6. f4 e5 7. Nf3 Nd4 8. Nxd4 cxd4 9. Nd5 Ne7 10. Nxe7 Qxe7 11. O-O h5 12. f5 g5 13. h3 f6 14. c4 Bd7 15. Bd2 O-O-O 16. a4 Be8 17. b4 Bh6 18. a5 g4 19. h4 Qg7 20. Qc1 Bxd2 21. Qxd2 Qh6 22. Qxh6 Rxh6 23. Rfc1 Rh7 24. Bf1 Kb8 25. Be2 Rc8 26. Bd1 Rhc7 27. Ba4 Bf7 28. Rcb1 Bxc4 29. dxc4 Rxc4 30. Kf2 Rc3 31. Bd1 R8c7 32. Rb3 d3 33. Rxc3 Rxc3 34. Ra2 d2 35. Rxd2 Rc4 36. Rxd6 Rxe4 37. b5 Rb4 38. b6 axb6 39. axb6 Kc8 40. Rxf6 Rb2+ 41. Be2 1-0

[Event "New Year Open 2023"]
[Site "?"]
[Date "2023.01.07"]
[Round "3"]
[White "Garcia, Jason"]
[Black "Rees, Ioan"]
[Result "0-1"]
[WhiteElo "2006"]
[BlackElo "2269"]
[PlyCount "84"]
[SourceVersionDate "2023.01.12"]

1. Nf3 Nf6 2. c4 e6 3. g3 d5 4. Bg2 d4 5. e3 c5 6. exd4 cxd4 7. d3 Nc6 8. O-O Bd6 9. Bg5 h6 10. Bxf6 Qxf6 11. a3 a5 12. Nbd2 Qe7 13. Qc2 O-O 14. Ne4 Bc7 15. Rab1 e5 16. c5 a4 17. b4 axb3 18. Rxb3 Be6 19. Rxb7 Rxa3 20. Rc1 Rfa8 21. Nfd2 Ra2 22. Qd1 R8a6 23. g4 Qd8 24. h3 Ne7 25. Ng3 Ng6 26. Nde4 Nf4 27. Bf1 Bd5 28. Rbb1 Qh4 29. Nf5 Nxh3+ 30. Bxh3 Qxh3 31. Ne7+ Kh7 32. Nxd5 Rg6 33. Ng3 Rxg4 34. Qf3 e4 35. Qf5+ Kh8 36. Qc8+ Kh7 37. Qf5+ Kh8 38. Qc8+ Bd8 39. Qxd8+ Kh7 40. Qc7 e3 41. Rf1 exf2+ 42. Rxf2 Rxg3+ 0-1

[Event "New Year Open 2023"]
[Site "?"]
[Date "2023.01.07"]
[Round "3"]
[White "Gay, Simon"]
[Black "Young, Alan"]
[Result "1/2-1/2"]
[WhiteElo "1928"]
[BlackElo "2062"]
[PlyCount "28"]
[SourceVersionDate "2023.01.12"]

1. e4 e5 2. f4 exf4 3. Nf3 g5 4. h4 g4 5. Ne5 d6 6. Nxg4 Nf6 7. Nxf6+ Qxf6 8. Nc3 Nc6 9. Nd5 Qg6 10. d3 Qg3+ 11. Kd2 Nd4 12. c3 Qf2+ 13. Be2 Ne6 14. Qf1 Qg3 1/2-1/2

[Event "New Year Open 2023"]
[Site "?"]
[Date "2023.01.07"]
[Round "3"]
[White "Fathallah, Joe"]
[Black "Turner, Joseph"]
[Result "1-0"]
[WhiteElo "1971"]
[BlackElo "1871"]
[PlyCount "96"]
[SourceVersionDate "2023.01.12"]

1. d4 Nf6 2. c4 g6 3. Nc3 Bg7 4. e4 d6 5. f3 O-O 6. Be3 Na6 7. Qd2 Nd7 8. Nge2 e5 9. d5 Ndc5 10. O-O-O Bd7 11. g4 Nb4 12. Kb1 a5 13. Ng3 f5 14. gxf5 gxf5 15. Nh5 f4 16. Bxc5 dxc5 17. Nxg7 Kxg7 18. Qf2 Na6 19. Bd3 Qf6 20. Rdg1+ Kh8 21. Bc2 Rg8 22. Ba4 Bh3 23. Bb5 Nb4 24. Qxc5 Bg2 25. Rxg2 Rxg2 26. Qxc7 Rag8 27. Ba4 b6 28. d6 Qd8 29. Qxd8 Rxd8 30. Rd1 Rxh2 31. d7 Rh6 32. Bb5 Kg7 33. Na4 Nc6 34. Nxb6 Nd4 35. Na4 Nxf3 36. c5 Nd4 37. Rxd4 exd4 38. c6 Rxc6 39. Bxc6 Kf6 40. Nc5 f3 41. e5+ Kxe5 42. Bxf3 Kf6 43. Bg4 Ke7 44. Kc2 Rg8 45. Nb7 h5 46. Bh3 h4 47. d8=Q+ Rxd8 48. Nxd8 Kxd8 1-0

[Event "New Year Open 2023"]
[Site "?"]
[Date "2023.01.07"]
[Round "3"]
[White "Bullen, Alex"]
[Black "Gay, Simon"]
[Result "1-0"]
[WhiteElo "2119"]
[BlackElo "1973"]
[PlyCount "81"]
[SourceVersionDate "2023.01.12"]

1. d4 Nf6 2. Nf3 e6 3. e3 d5 4. c4 a6 5. b3 Bb4+ 6. Nbd2 O-O 7. Bd3 b6 8. O-O Bb7 9. Bb2 Ne4 10. a3 Bd6 11. b4 Nxd2 12. Nxd2 dxc4 13. Nxc4 Nd7 14. Qh5 Nf6 15. Qh3 h6 16. Rfe1 Be4 17. Bxe4 Nxe4 18. Qf3 f5 19. Red1 Qe7 20. d5 e5 21. Rac1 b5 22. Na5 Ng5 23. Qh5 f4 24. Qg4 Rae8 25. Nc6 Qf7 26. exf4 Qxf4 27. Qxf4 Rxf4 28. Re1 Ref8 29. Rc2 e4 30. Nd4 Rg4 31. Re3 Bf4 32. Rb3 e3 33. f3 Nh3+ 34. Kf1 Be5 35. gxh3 Rxd4 36. Bxd4 Bxd4 37. Ke2 Bb6 38. Rc6 Rf6 39. Rxf6 gxf6 40. Rc3 Bd4 41. Rxc7 1-0

[Event "New Year Open 2023"]
[Site "?"]
[Date "2023.01.07"]
[Round "3"]
[White "Robinson, David"]
[Black "Gay, Conor"]
[Result "0-1"]
[WhiteElo "1830"]
[BlackElo "1937"]
[PlyCount "72"]
[SourceVersionDate "2023.01.12"]

1. d4 Nf6 2. Nf3 c5 3. e3 e6 4. Bd3 Be7 5. Nbd2 O-O 6. O-O b6 7. Qe2 d5 8. b3 Nc6 9. a3 Bb7 10. Bb2 Rc8 11. Rac1 Re8 12. Ne5 Nxe5 13. dxe5 Nd7 14. f4 f5 15. Qh5 g6 16. Qh3 a6 17. a4 Rc7 18. g4 Nf8 19. gxf5 exf5 20. Kf2 Ne6 21. Rg1 Bh4+ 22. Ke2 Rg7 23. Nf3 Be7 24. Rcd1 Qc8 25. Qh6 Rf8 26. c4 Qc6 27. Rg3 g5 28. Kf2 g4 29. cxd5 Qxd5 30. Bc2 Qc6 31. Rd6 Rg6 32. Qxf8+ Kxf8 33. Rxc6 Bxc6 34. Ng5 Nxg5 35. fxg5 Rxg5 36. h4 Rh5 0-1

[Event "New Year Open 2023"]
[Site "?"]
[Date "2023.01.07"]
[Round "3"]
[White "Penny, Liam"]
[Black "Bennett, Tom"]
[Result "1/2-1/2"]
[WhiteElo "1798"]
[BlackElo "1629"]
[PlyCount "36"]
[SourceVersionDate "2023.01.12"]

1. d4 Nf6 2. Nc3 d6 3. e4 c6 4. Bf4 Qb6 5. Rb1 Nbd7 6. Nf3 Qc7 7. e5 dxe5 8. Nxe5 Qa5 9. b4 Qd8 10. Bc4 Nxe5 11. dxe5 Qxd1+ 12. Rxd1 Nh5 13. Bg5 h6 14. Be3 g6 15. Bd4 Bg7 16. O-O Bf5 17. h3 Nf4 18. Rfe1 Bxc2 1/2-1/2

[Event "New Year Open 2023"]
[Site "?"]
[Date "2023.01.07"]
[Round "3"]
[White "Dixon, Chris"]
[Black "Morgans, Justin"]
[Result "1/2-1/2"]
[WhiteElo "1675"]
[BlackElo "1637"]
[PlyCount "41"]
[SourceVersionDate "2023.01.12"]

1. Nf3 c5 2. g3 Nc6 3. Bg2 Nf6 4. O-O g6 5. d3 Bg7 6. e4 d6 7. Re1 Bg4 8. h3 Bxf3 9. Bxf3 Ne5 10. Bg2 Rb8 11. c3 O-O 12. f4 Nc6 13. Nd2 e5 14. Nf1 exf4 15. gxf4 Nh5 16. Qg4 Nf6 17. Qf3 Re8 18. Ng3 Qb6 19. Kh2 Qb5 20. Re2 Rbd8 21. Bf1 1/2-1/2

[Event "New Year Open 2023"]
[Site "?"]
[Date "2023.01.07"]
[Round "3"]
[White "Thomas, Roy"]
[Black "May, Adam"]
[Result "0-1"]
[WhiteElo "1677"]
[BlackElo "1897"]
[PlyCount "90"]
[SourceVersionDate "2023.01.12"]

1. f4 d5 2. Nf3 Nf6 3. e3 e6 4. Be2 Be7 5. O-O O-O 6. b3 c5 7. Bb2 b6 8. d3 Bb7 9. h3 Nbd7 10. Nbd2 Qc7 11. Ne5 Ne8 12. c4 f6 13. Nxd7 Qxd7 14. Qc2 Nd6 15. cxd5 exd5 16. Bg4 Qe8 17. Be6+ Kh8 18. f5 Nf7 19. e4 d4 20. Nf3 Rd8 21. Bc1 Bd6 22. Qf2 Ba6 23. Ne1 Ne5 24. Qe2 Qc6 25. Bd5 Qc7 26. Bf4 Rfe8 27. Bxe5 Bxe5 28. Qc2 Qe7 29. Nf3 Bg3 30. a4 Rxd5 31. exd5 Qe3+ 32. Rf2 Bxd3 33. Qd2 Bxf2+ 34. Qxf2 Qxf2+ 35. Kxf2 Re2+ 36. Kg3 Bxf5 37. a5 Re8 38. axb6 axb6 39. Ra6 Rb8 40. d6 Kg8 41. Nd2 Be6 42. Ra7 Rd8 43. Ne4 Bd5 44. d7 Bxe4 45. Rc7 Kf7 0-1

[Event "New Year Open 2023"]
[Site "?"]
[Date "2023.01.07"]
[Round "2"]
[White "Rees, Ioan"]
[Black "Fathallah, Joe"]
[Result "1-0"]
[WhiteElo "2269"]
[BlackElo "1971"]
[PlyCount "95"]
[SourceVersionDate "2023.01.13"]

1. d4 f5 2. c4 Nf6 3. Nc3 d6 4. h4 e5 5. Nf3 e4 6. Ng5 Be7 7. Nh3 Ng4 8. g3 e3 9. Bxe3 Nxe3 10. fxe3 Nc6 11. Bg2 Bf6 12. Nf4 O-O 13. Qd2 Bd7 14. O-O-O a6 15. h5 Ne7 16. Bxb7 Rb8 17. Bf3 c6 18. Kb1 Qb6 19. Na4 Qc7 20. c5 Nd5 21. Nxd5 cxd5 22. Bxd5+ Kh8 23. c6 Bxc6 24. Rc1 Bxd5 25. Rxc7 Be4+ 26. Ka1 Bxh1 27. Qc1 Bg2 28. b3 Rfe8 29. Nb2 Bg5 30. Nd1 Bh3 31. Qc4 Bg4 32. Qxa6 Bxh5 33. Qxd6 Bxe2 34. Nc3 Bd3 35. Nd5 Bxe3 36. Nxe3 Rxe3 37. Qd7 Rg8 38. Rc8 h6 39. Rxg8+ Kxg8 40. d5 Rxg3 41. d6 f4 42. Qe8+ Kh7 43. d7 Bg6 44. Qe7 f3 45. d8=Q f2 46. Qef8 Rg1+ 47. Kb2 Rb1+ 48. Ka3 1-0

[Event "New Year Open 2023"]
[Site "?"]
[Date "2023.01.07"]
[Round "2"]
[White "Gay, Conor"]
[Black "Bullen, Alex"]
[Result "0-1"]
[WhiteElo "1937"]
[BlackElo "2119"]
[PlyCount "96"]
[SourceVersionDate "2023.01.13"]

1. e4 c6 2. c4 d5 3. exd5 cxd5 4. cxd5 Nf6 5. Nc3 Nxd5 6. Nf3 Nxc3 7. bxc3 g6 8. Qb3 Bg7 9. Bc4 O-O 10. Ng5 e6 11. Ne4 Qc7 12. O-O Nc6 13. Be2 e5 14. Ba3 Rd8 15. Rfd1 Be6 16. Qa4 a6 17. Nc5 Bf5 18. Bf3 b5 19. Qh4 a5 20. Rac1 Rac8 21. Ne4 Bxe4 22. Qxe4 Qd7 23. Be2 Rb8 24. Rb1 f5 25. Qh4 b4 26. cxb4 Nd4 27. Bc4+ Kh8 28. b5 Rdc8 29. Bf1 e4 30. Qe7 Qd5 31. b6 Be5 32. Rb2 Rb7 33. Qh4 Rc6 34. Rdb1 g5 35. Qh5 Qd8 36. Ba6 Rb8 37. Qf7 Rf6 38. Qc4 Kg7 39. Rb5 Nxb5 40. Rxb5 Qd4 41. Rxe5 Qxe5 42. Qc7+ Qxc7 43. bxc7 Rb1+ 44. Bf1 Rc6 45. Bd6 Rbc1 46. Be5+ Kf7 47. g4 f4 48. Kg2 f3+ 0-1

[Event "New Year Open 2023"]
[Site "?"]
[Date "2023.01.07"]
[Round "2"]
[White "Bennett, Tom"]
[Black "Garcia, Jason"]
[Result "0-1"]
[WhiteElo "1629"]
[BlackElo "2006"]
[PlyCount "108"]
[SourceVersionDate "2023.01.13"]

1. d4 Nf6 2. Bf4 c5 3. e3 cxd4 4. exd4 e6 5. Nf3 b6 6. Nbd2 Bb7 7. Bd3 Be7 8. c3 d6 9. Qc2 Nbd7 10. h3 a6 11. O-O Rc8 12. Rfe1 Nd5 13. Bh2 Nb4 14. Qb1 Nxd3 15. Qxd3 Nf6 16. Ng5 O-O 17. Re2 h6 18. Nge4 Nxe4 19. Nxe4 d5 20. Nd2 b5 21. Nf3 b4 22. Ne5 Qa5 23. Re3 bxc3 24. bxc3 Bc6 25. Rg3 Bg5 26. Qf3 Be8 27. Ng4 f5 28. Ne5 f4 29. Rxg5 hxg5 30. Qg4 Rf5 31. Nf3 Qd8 32. Re1 Bf7 33. h4 gxh4 34. Qxh4 Qxh4 35. Nxh4 Rf6 36. Rc1 Rb8 37. Nf3 Bg6 38. Ne5 Rb1 39. Rxb1 Bxb1 40. a3 g5 41. f3 Rf8 42. Nd7 Rc8 43. Nc5 Bf5 44. Kf1 Rb8 45. Bg1 Rb1+ 46. Kf2 Ra1 47. Nxa6 Rxa3 48. Nc5 Rxc3 49. g4 fxg3+ 50. Kxg3 g4 51. Nd7 Rxf3+ 52. Kh4 g3 53. Ne5 Rf1 54. Be3 g2 0-1

[Event "New Year Open 2023"]
[Site "?"]
[Date "2023.01.07"]
[Round "2"]
[White "Homer, Stephen"]
[Black "Robinson, David"]
[Result "1-0"]
[WhiteElo "1973"]
[BlackElo "1830"]
[PlyCount "51"]
[SourceVersionDate "2023.01.13"]

1. e4 d5 2. exd5 Qxd5 3. Nc3 Qa5 4. Bc4 Nf6 5. d3 Bg4 6. Nge2 e6 7. Bd2 c6 8. f3 Bf5 9. O-O Nbd7 10. Ng3 Bg6 11. Qe2 Bc5+ 12. Kh1 O-O 13. Nd5 Qd8 14. Nf4 Nd5 15. Nxg6 hxg6 16. Ne4 Be7 17. f4 Re8 18. Rf3 Qc7 19. g4 N7f6 20. Rg1 Bd6 21. Nxd6 Qxd6 22. Qf2 Ne7 23. Qh4 Kf8 24. Bc3 Neg8 25. f5 exf5 26. gxf5 1-0

[Event "New Year Open 2023"]
[Site "?"]
[Date "2023.01.07"]
[Round "2"]
[White "May, Adam"]
[Black "Gay, Simon"]
[Result "0-1"]
[WhiteElo "1897"]
[BlackElo "1928"]
[PlyCount "70"]
[SourceVersionDate "2023.01.13"]

1. d4 Nf6 2. Nf3 c5 3. d5 d6 4. Nc3 g6 5. e4 Nbd7 6. a4 Bg7 7. Bc4 O-O 8. O-O Ng4 9. Bg5 Nge5 10. Nxe5 Nxe5 11. Be2 a6 12. a5 Rb8 13. h3 b5 14. axb6 Rxb6 15. f4 Nd7 16. e5 f6 17. e6 fxg5 18. exd7 Bxd7 19. fxg5 Rxb2 20. Na4 Rb4 21. c3 Bxa4 22. Rxa4 Rxf1+ 23. Bxf1 Rxa4 24. Qxa4 Bxc3 25. Qxa6 Bd4+ 26. Kh1 Kf7 27. Bb5 Qh8 28. Bd7 Qe5 29. Be6+ Kg7 30. Qd3 Qxg5 31. Qf1 Qf6 32. Qe1 Qf2 33. Qd1 h5 34. Qc1 Kf6 35. Qd1 c4 0-1

[Event "New Year Open 2023"]
[Site "?"]
[Date "2023.01.07"]
[Round "2"]
[White "Turner, Joseph"]
[Black "Thomas, Roy"]
[Result "1-0"]
[WhiteElo "1871"]
[BlackElo "1677"]
[PlyCount "121"]
[SourceVersionDate "2023.01.13"]

1. e4 c5 2. Nf3 Nc6 3. d4 cxd4 4. Nxd4 Nf6 5. Nc3 e5 6. Ndb5 d6 7. Nd5 Nxd5 8. exd5 Nb8 9. a4 a6 10. Nc3 Be7 11. Bc4 O-O 12. Be3 Bg5 13. h4 Bxe3 14. fxe3 f5 15. Qe2 Nd7 16. O-O-O Nf6 17. e4 f4 18. Rdf1 Bg4 19. Qe1 Qd7 20. Be2 Bxe2 21. Qxe2 Qg4 22. Qxg4 Nxg4 23. Rf3 Rac8 24. Rg1 h5 25. g3 fxg3 26. Rgxg3 Rxf3 27. Rxf3 Rf8 28. Rxf8+ Kxf8 29. Kd2 Kf7 30. Ke2 Kf6 31. Kf3 g5 32. hxg5+ Kxg5 33. Ne2 h4 34. Ng1 Nf6 35. Nh3+ Kg6 36. a5 Kh5 37. Nf2 Nd7 38. b4 b6 39. axb6 Nxb6 40. Ng4 Nc4 41. Nf2 Kg5 42. Nh3+ Kh5 43. Nf2 Nd2+ 44. Ke2 Nc4 45. Kd3 Nb6 46. c4 Nd7 47. Kc3 Kg5 48. Kd3 Kf4 49. Ke2 Kg3 50. Ke3 h3 51. Nh1+ Kg2 52. Nf2 h2 53. Ke2 h1=Q 54. Nxh1 Kxh1 55. Kf3 Kg1 56. Kg4 Kf2 57. Kf5 Ke3 58. Ke6 Nb6 59. c5 dxc5 60. bxc5 Nc4 61. d6 1-0

[Event "New Year Open 2023"]
[Site "?"]
[Date "2023.01.06"]
[Round "1"]
[White "May, Adam"]
[Black "Rees, Ioan"]
[Result "0-1"]
[WhiteElo "1897"]
[BlackElo "2269"]
[PlyCount "54"]
[SourceVersionDate "2023.01.13"]

1. d4 Nf6 2. Nf3 e6 3. g3 d5 4. Bg2 c5 5. O-O cxd4 6. Nxd4 e5 7. Nb3 Be6 8. Bg5 Nbd7 9. Nc3 Be7 10. e3 O-O 11. Qe2 Qc7 12. Rac1 Rad8 13. h3 d4 14. Nb5 Qc4 15. Qd3 h6 16. Bxf6 Nxf6 17. Rfd1 dxe3 18. Qxc4 exf2+ 19. Kxf2 Bxc4 20. Nc3 b6 21. Re1 Bd6 22. Rcd1 Bc7 23. Nd2 Ba6 24. Nf3 Rxd1 25. Rxd1 Re8 26. Nd5 Nxd5 27. Rxd5 e4 0-1

[Event "New Year Open 2023"]
[Site "?"]
[Date "2023.01.06"]
[Round "1"]
[White "Bullen, Alex"]
[Black "Turner, Joseph"]
[Result "1-0"]
[WhiteElo "2119"]
[BlackElo "1871"]
[PlyCount "51"]
[SourceVersionDate "2023.01.13"]

1. d4 Nf6 2. Nf3 g6 3. g3 Bg7 4. Bg2 O-O 5. O-O d6 6. a4 c6 7. Nc3 Bf5 8. Nh4 Bd7 9. e4 Qc8 10. Be3 h6 11. Qd2 Ng4 12. Rad1 Kh7 13. f4 Nxe3 14. Qxe3 Bh3 15. f5 Bxg2 16. fxg6+ fxg6 17. Kxg2 Bf6 18. e5 Bxh4 19. Rxf8 Qxf8 20. gxh4 dxe5 21. dxe5 Na6 22. e6 Qf5 23. Rf1 Qg4+ 24. Kh1 Qxh4 25. Rf7+ Kg8 26. Qe5 1-0